Tiers-temps et innovation pédagogique / (Record no. 56873)

MARC details
000 -CABECERA
campo de control de longitud fija 00579nam a2200193 a 4500
005 - FECHA Y HORA DE LA ÚLTIMA TRANSACCIÓN
campo de control 20220812063935.0
008 - ELEMENTOS DE LONGITUD FIJA--INFORMACIÓN GENERAL
campo de control de longitud fija 991125s1972 par 000 0 fre u
035 ## - NÚMERO DE CONTROL DEL SISTEMA
Número de control de sistema UPN01000056873
049 ## - COLECCIÓN
Colección CG
050 #4 - SIGNATURA TOPOGRÁFICA DE LA BIBLIOTECA DEL CONGRESO
Número de clasificación LB1027
Número de documento/Ítem D4.7
100 1# - ASIENTO PRINCIPAL--NOMBRE PERSONAL
Nombre de persona Delaisement, Gerard
245 10 - MENCIÓN DE TÍTULO
Título Tiers-temps et innovation pédagogique /
Mención de responsabilidad, etc. Gerard Delaisement, Lucien Adjadji.
260 ## - PUBLICACIÓN, DISTRIBUCIÓN, ETC.
Lugar de publicación, distribución, etc. París :
Nombre del editor, distribuidor, etc. F. Nathan,
Fecha de publicación, distribución, etc. 1972.
300 ## - DESCRIPCIÓN FÍSICA
Extensión 155 p.
440 #0 - MENCIÓN DE SERIE/ASIENTO SECUNDARIO--TÍTULO
Título Bibliothéque pédagogique Fernand Nathan
650 #4 - ASIENTO SECUNDARIO DE MATERIA - TERMINO TEMATICO
Término de materia o nombre geográfico como elemento de entrada Innovaciones educativas
9 (RLIN) 386
700 1# - ASIENTO SECUNDARIO--NOMBRE DE PERSONAL
Nombre de persona Adjadji, Lucien,
Término indicativo de función/relación coaut.
905 ## - TIPO DE MATERIAL
Tipo de material Libro
Holdings
Estado de retiro Estado de pérdida Fuente del sistema de clasificación o colocación Estado dañado No para préstamo Código de colección Localización permanente Ubicación/localización actual Ubicación en estantería Total de préstamos Clasificación Código de barras Fecha visto por última vez Número de copia Tipo de ítem Koha
    Library of Congress Classification     Colección General Bib. Gregorio Torres Quintero Bib. Gregorio Torres Quintero Planta baja   LB1027 D4.7 21752 31/12/2020 1 Libro